000 00508nab a2200145Ia 4500
003 ES-SlBCS
005 20210601133831.0
008 140529s1981 xxu||||| |||| 00| 0 por d
041 _apor
100 1 _aSiebeneichler, Flávio Beno
_9209602
245 0 0 _aSubsídios para a Construçao de uma Teoria da Comunicaçao Humana, Livre e Descontraída
_c Flávio Beno Siebeneichler
650 0 4 _aComunicación
_992556
773 0 _tPresença Filosofica
_gvol. 7, nº. 2-3, 1981, págs. 140-142
_wRev966
942 _cAR
999 _c602851
_d602851